00940nam a2200217 a 450000100100000000500170001000800410002704000250006808200180009310000270011124500730013826000380021130000360024965000190028570000230030404900090032795201310033695201220046795201160058999900170070500001370120200929163321.0091127s1986 dr ac 001 0 spa d aDO-SdBNPbspacBNPHU a303.34bG124l1 aGadea, Jorge A.92135510aLiderazgo fundamental /cJorge A. Gadea ; presentación Julio Soto. aSanto Domingo :bCorripio,c1986. a189 p. :bil., retrs. ;c21 cm. 4aLiderazgo91151 aSoto, Julio931138 aBNPD 001054708DSaGRbGRcCTd2009-11-27iLF1l0o303.34 G124lp13701-30r2020-06-25te. 3w2020-06-25yLFDSZPréstamo en sala 0010718PDaPDbPDcCTd2009-11-27iLF1l0o303.34 G124lp13701-10r2020-06-25te. 2w2020-06-25yLFPDZNo se presta 0010718PDaPDbPDcCTd2009-11-27iLF1l0o303.34 G124lp13701-20r2020-06-25w2020-06-25yLFPDZNo se presta c13314d13314